Hate crimes / (Record no. 782083)

MARC details
000 -LEADER
fixed length control field 00945nam a22002537b 4500
003 - CONTROL NUMBER IDENTIFIER
control field 3228
005 - DATE AND TIME OF LATEST TRANSACTION
control field 20250807132810.0
008 - FIXED-LENGTH DATA ELEMENTS--GENERAL INFORMATION
fixed length control field 250807b sa ||||| |||| 00| 0 eng d
020 ## - INTERNATIONAL STANDARD BOOK NUMBER
International Standard Book Number 9781422234792 (hardback)
040 ## - CATALOGING SOURCE
Original cataloging agency MPL
Language of cataloging English
Transcribing agency 3228
Description conventions Resource Description and Access
041 ## - LANGUAGE CODE
Language code of text/sound track or separate title English
082 #0 - DEWEY DECIMAL CLASSIFICATION NUMBER
Classification number 364.15 WRIG
100 ## - MAIN ENTRY--PERSONAL NAME
9 (RLIN) 196151
Personal name Wright, John
245 ## - TITLE STATEMENT
Title Hate crimes /
Statement of responsibility, etc. John Wright Foreword by Manny Gomez,Esq
260 ## - PUBLICATION, DISTRIBUTION, ETC.
Place of publication, distribution, etc. Broomall, PA :
Name of publisher, distributor, etc. Mason Crest,
Date of publication, distribution, etc. [2017]
300 ## - PHYSICAL DESCRIPTION
Extent 96 pages :
Other physical details chiefly color illustrations ;
Dimensions 23 cm.
490 ## - SERIES STATEMENT
Series statement Crime and detection
520 ## - SUMMARY, ETC.
Summary, etc. Traces the history of hate crimes, from the persecution of Native Americans, to modern cases, like the Oklahoma City bombing and the terrorist attacks of September 11, 2001, which was aimed at all Americans.
650 #0 - SUBJECT ADDED ENTRY--TOPICAL TERM
9 (RLIN) 196155
Topical term or geographic name entry element Hate crime
650 #0 - SUBJECT ADDED ENTRY--TOPICAL TERM
9 (RLIN) 196157
Topical term or geographic name entry element Racism
650 #0 - SUBJECT ADDED ENTRY--TOPICAL TERM
9 (RLIN) 196158
Topical term or geographic name entry element Violence
700 ## - ADDED ENTRY--PERSONAL NAME
9 (RLIN) 196153
Personal name Gomez,Manny Esq
942 ## - ADDED ENTRY ELEMENTS
Source of classification or shelving scheme Dewey Decimal Classification
item type Book
-- 5815
-- Pontsho Maoko
Holdings
Withdrawn status Lost status Source of classification or shelving scheme Damaged status Not for loan Collection code Home library Current library Shelving location Date acquired Total Checkouts Full call number Barcode Date last seen Price effective from item type
    Dewey Decimal Classification     300: Social Science KWAMHLANGA REGIONAL LIBRARY PHUMULA General Stacks 07.08.2025   364.15 WRIG 33228031084757 07.08.2025 07.08.2025 Book
    Dewey Decimal Classification     300: Social Science Standerton Regional Library Sakhile public library Children's Area 04.12.2025   J 364.15 WRIG 3322803188200 04.12.2025 04.12.2025 Book